000
00289nam a2200109Ia 4500
008
200302s9999 xx 000 0 und d
100
_a
C. S. Yadav
245
_a
Perceptual and Cognitive Image of the City Vol 12
260
_b
Concept Publishing Co. Ltd.
260
_c
1987
300
_a
479 P.,
999
_c
5545
_d
5545